Ville à la rivière (aléatoire) - Europe - Statistiques

Statistiques générales
  • Ce quiz a été pris 4 642 fois
    4 435 depuis la dernière actualisation
  • Le résultat moyen est 7 sur 20
Statistiques - réponses
Ville Rivière % Correct
Paris Seine
94%
Londres Tamise
91%
Toulouse Garonne
85%
Orléans Loire
84%
Le Havre Seine
82%
Avignon Rhône
80%
Vienne Danube
78%
Budapest Danube
78%
Bratislava Danube
65%
Cologne Rhin
65%
Genève Rhône
64%
Rome Tibre
64%
Volgograd Volga
63%
Metz Moselle
61%
Bâle Rhin
61%
Mâcon Saône
61%
Turin
60%
Besançon Doubs
52%
Francfort Main
50%
Bergerac Dordogne
49%
Angoulême Charente
46%
Rostov Don
45%
Newcastle Tyne
45%
Limoges Vienne
45%
Kiev Dniepr
43%
Lisbonne Tage
40%
Liège Meuse
36%
Porto Douro
33%
Hambourg Elbe
33%
Cracovie Vistule
32%
Kazan Volga
32%
Vaduz Rhin
31%
Gdansk Vistule
29%
Anvers Escaut
28%
Florence Arno
27%
Sarrebruck Sarre
27%
Séville Guadalquivir
26%
Stoke-on-__ Trent
25%
Tolède Tage
24%
Cordoue Guadalquivir
23%
Liverpool Mersey
22%
Innsbruck Inn
20%
Moscou Moskova
20%
Saint-Pétersbourg Neva
20%
Berlin Sprée
19%
Berne Aar
17%
Wrocław Oder
16%
Prague Vltava
16%
Amsterdam Amstel
15%
Tiraspol Dniestr
15%
Kingston upon __ Hull
15%
Bruxelles Senne
15%
Munich Isar
14%
Luxembourg Alzette
13%
Bristol Severn
12%
Vérone Adige
11%
Dublin Liffey
10%
Ljubljana Ljubljanica
10%
Zagreb Save
10%
Brême Weser
10%
Madrid Manzanares
8%
Skopje Vardar
8%
Riga Daugava
7%
Vilnius Néris
6%
Bologne Reno
6%
Sofia Iskar
5%
Aucun quiz correspondant
Distribution des résultats
% des personnes avec chaque résultat
Percentile par nombre de réponses
Votre historique - résultats
Vous n’avez pas pris ce quiz depuis la dernière actualisation